[Event "CZE-ch Women 2019"]
[Site "Prague"]
[Date "2019.06.21"]
[Round "7.5"]
[White "Petrova, Kristyna"]
[Black "Kanakova, Natalie"]
[Result "1-0"]
[WhiteElo "2259"]
[BlackElo "2201"]
[Annotator "NA"]
[PlyCount "133"]
[EventDate "2019.06.15"]
[EventType "tourn"]
[EventCountry "CZE"]
[SourceTitle "playchess.com"]
[Source "ChessBase"]
[SourceQuality "1"]
[TimeControl "40/5400+30:1800+30"]

1. Nf3 {[%emt 0:00:00]} d5 {[%emt 0:00:00]} 2. d4 {[%emt 0:00:00]} Nf6 {[%emt 0:00:52]} 3. e3 {[%emt 0:00:00]} e6 {[%emt 0:01:30]} 4. Bd3 {[%emt 0:00:00]} c5 {[%emt 0:01:03]} 5. b3 {[%emt 0:00:12]} Nc6 {[%emt 0:01:11]} 6. O-O {[%emt 0:00:16]} Bd6 {[%emt 0:01:30]} 7. Bb2 {[%emt 0:00:21]} b6 {[%emt 0:03:16]} 8. Nbd2 {[%emt 0:05:07]} Bb7 {[%emt 0:03:09]} 9. a3 {[%emt 0:01:56]} O-O {[%emt 0:01:16]} 10. Ne5 {[%emt 0:01:47]} Ne7 {[%emt 0:03:12]} 11. Qf3 $11 {[%emt 0:18:51]} Rc8 {[%emt 0:14:23]} 12. Qh3 {[%emt 0:03:45]} h6 {[%emt 0:08:34]} 13. Ng4 {[%emt 0:11:32]} Nxg4 {[%emt 0:21:21]} 14. Qxg4 {[%emt 0:00:02]} f5 {[%emt 0:00:21]} 15. Qe2 {[%emt 0:01:46]} Qc7 {[%emt 0:01:34]} 16. f4 {[%emt 0:06:19]} Kh7 {[%emt 0:00:35]} 17. c4 {[%emt 0:05:24]} cxd4 {[%emt 0:07:35]} 18. Bxd4 {[%emt 0:00:33]} e5 {[%emt 0:00:41]} 19. fxe5 {[%emt 0:16:39]} Bxe5 {[%emt 0:00:05]} 20. Bxe5 {[%emt 0:00:03]} Qxe5 {[%emt 0:00:05]} 21. Nf3 {[%emt 0:00:02]} Qd6 {[%emt 0:05:11]} 22. Nd4 {[%emt 0:02:15]} Qe5 {[%emt 0:07:56]} 23. Nf3 {[%emt 0:03:35]} Qd6 {[%emt 0:00:04]} 24. Nd4 {[%emt 0:00:20]} g6 {[%emt 0:03:09]} 25. Nb5 {[%emt 0:04:50]} Qb8 {[%emt 0:00:07]} 26. Qf2 {[%emt 0:00:40]} a6 {[%emt 0:00:50]} 27. Nd4 {[%emt 0:00:07]} Qe5 {[%emt 0:01:52]} 28. a4 {[%emt 0:07:12]} dxc4 {[%emt 0:04:40]} 29. bxc4 {[%emt 0:00:05]} Ng8 {[%emt 0:01:42]} 30. Rab1 {[%emt 0:01:49]} Be4 {[%emt 0:03:54]} 31. Bxe4 {[%emt 0:02:02]} Qxe4 {[%emt 0:00:01]} 32. Rxb6 {[%emt 0:00:41]} Rxc4 {[%emt 0:00:52]} 33. Rxa6 {[%emt 0:01:56]} Qb7 {[%emt 0:00:46]} 34. Ra5 {[%emt 0:01:04]} Nf6 {[%emt 0:01:31]} 35. Qf4 {[%emt 0:01:14]} Re8 {[%emt 0:01:25]} 36. Qd6 {[%emt 0:02:29]} Ne4 {[%emt 0:00:40]} 37. Qa6 {[%emt 0:01:30]} Qf7 {[%emt 0:00:20]} 38. Rb5 {[%emt 0:01:11]} Re7 {[%emt 0:01:02]} 39. a5 {[%emt 0:01:06]} Nc5 {[%emt 0:00:36]} 40. Qd6 {[%emt 0:00:38]} Ne4 {[%emt 0:00:34]} 41. Qd8 {[%emt 0:17:11]} Rd7 {[%emt 0:01:52]} 42. Qb8 {[%emt 0:00:10]} Nd6 {[%emt 0:05:19]} 43. Re5 {[%emt 0:03:22]} Rc8 {[%emt 0:01:51]} 44. Qb3 {[%emt 0:01:57]} Qxb3 {[%emt 0:08:12]} 45. Nxb3 {[%emt 0:00:02]} Nc4 {[%emt 0:00:31]} 46. Rc1 {[%emt 0:05:47]} Rb8 {[%emt 0:09:23]} 47. Rxc4 {[%emt 0:00:31]} Rxb3 {[%emt 0:00:03]} 48. h4 {[%emt 0:02:23]} h5 {[%emt 0:02:13]} 49. Rd4 {[%emt 0:01:17]} Rc7 {[%emt 0:01:53]} 50. Re6 {[%emt 0:00:41]} Rb1+ {[%emt 0:01:28]} 51. Kh2 {[%emt 0:00:16]} Ra1 {[%emt 0:01:12]} 52. a6 {[%emt 0:00:18]} Ra2 {[%emt 0:00:51]} 53. Rdd6 {[%emt 0:01:44]} Rc4 {[%emt 0:01:28]} 54. Kh3 {[%emt 0:01:08]} Raa4 {[%emt 0:00:40]} 55. Rd7+ {[%emt 0:00:25]} Kh6 {[%emt 0:00:23]} 56. g3 {[%emt 0:00:23]} Rc8 {[%emt 0:00:17]} 57. Ree7 {[%emt 0:00:32]} Rh8 {[%emt 0:00:04]} 58. a7 {[%emt 0:00:04]} Re4 {[%emt 0:01:16]} 59. Rxe4 {[%emt 0:00:55]} fxe4 {[%emt 0:00:03]} 60. g4 {[%emt 0:00:30]} hxg4+ {[%emt 0:00:13]} 61. Kxg4 {[%emt 0:00:04]} Rf8 {[%emt 0:00:46]} 62. Rb7 {[%emt 0:00:27]} Ra8 {[%emt 0:00:17]} 63. Re7 {[%emt 0:00:19]} g5 {[%emt 0:00:53]} 64. hxg5+ {[%emt 0:00:21]} Kg6 {[%emt 0:00:05]} 65. Re6+ {[%emt 0:00:03]} Kf7 {[%emt 0:00:05]} 66. Ra6 {[%emt 0:00:03]} Kg7 {[%emt 0:00:38]} 67. Kf5 {[%emt 0:00:17]} 1-0

[Event "CZE-ch Women 2019"]
[Site "Prague"]
[Date "2019.06.23"]
[Round "9.1"]
[White "Rodshtein, Tereza"]
[Black "Novosadova, Kristyna"]
[Result "1-0"]
[WhiteElo "2213"]
[BlackElo "2209"]
[Annotator "ChessBase"]
[PlyCount "87"]
[EventDate "2019.06.15"]
[EventType "tourn"]
[EventCountry "CZE"]
[SourceTitle "playchess.com"]
[Source "ChessBase"]
[SourceQuality "1"]
[TimeControl "40/5400+30:1800+30"]

1. e4 {[%emt 0:00:00]} c5 {[%emt 0:00:00]} 2. Nf3 {[%emt 0:00:00]} Nc6 {[%emt 0:00:00]} 3. d4 {[%emt 0:00:00]} cxd4 {[%emt 0:00:06]} 4. Nxd4 {[%emt 0:00:00]} Nf6 {[%emt 0:00:06]} 5. Nc3 {[%emt 0:00:00]} d6 {[%emt 0:00:05]} 6. Be2 {[%emt 0:10:57]} e5 {[%emt 0:03:56]} 7. Nb3 {[%emt 0:01:49]} Be7 {[%emt 0:00:41]} 8. Bg5 {[%emt 0:03:08]} Be6 {[%emt 0:00:56]} 9. O-O {[%emt 0:00:40]} O-O {[%emt 0:02:26]} 10. Qd2 {[%emt 0:02:43]} a5 {[%emt 0:00:15]} 11. a4 {[%emt 0:03:35]} Nb4 {[%emt 0:00:42]} 12. Rfd1 {[%emt 0:02:12]} d5 {[%emt 0:13:39]} 13. exd5 {[%emt 0:14:54]} Nfxd5 {[%emt 0:01:10]} 14. Bxe7 {[%emt 0:00:10]} Qxe7 {[%emt 0:00:20]} 15. Nxd5 {[%emt 0:01:01]} Bxd5 {[%emt 0:01:17]} 16. Rac1 {[%emt 0:03:10]} Bc6 {[%emt 0:13:44]} 17. Bb5 {[%emt 0:10:47]} Bxb5 {[%emt 0:00:27]} 18. axb5 {[%emt 0:00:02]} a4 {[%emt 0:01:01]} 19. Na1 {[%emt 0:00:05]} Rfd8 {[%emt 0:14:40]} 20. Qe2 {[%emt 0:00:09]} Nd5 {[%emt 0:04:56]} 21. Re1 {[%emt 0:04:34]} f6 {[%emt 0:01:46]} 22. g3 {[%emt 0:01:01]} Qc5 {[%emt 0:04:43]} 23. c3 {[%emt 0:08:05]} Nc7 {[%emt 0:01:06]} 24. c4 {[%emt 0:00:22]} Ne6 {[%emt 0:00:06]} 25. Nc2 {[%emt 0:00:56]} Rac8 {[%emt 0:03:41]} 26. Ne3 {[%emt 0:02:15]} Nd4 {[%emt 0:02:28]} 27. Qg4 {[%emt 0:00:56]} g6 {[%emt 0:03:26]} 28. Qe4 {[%emt 0:01:28]} f5 {[%emt 0:05:31]} 29. Qxb7 {[%emt 0:02:51]} Rb8 {[%emt 0:02:44]} 30. Qg2 {[%emt 0:01:35]} f4 {[%emt 0:00:31]} 31. gxf4 {[%emt 0:03:01]} exf4 {[%emt 0:00:09]} 32. Nd5 {[%emt 0:00:31]} f3 {[%emt 0:11:57]} 33. Qg5 {[%emt 0:00:54]} Rxd5 {[%emt 0:03:37]} 34. cxd5 {[%emt 0:00:24]} Ne2+ {[%emt 0:00:37]} 35. Rxe2 {[%emt 0:04:28]} fxe2 {[%emt 0:00:05]} 36. Rxc5 {[%emt 0:02:12]} e1=Q+ {[%emt 0:00:07]} 37. Kg2 {[%emt 0:00:02]} Qe4+ {[%emt 0:00:29]} 38. Kg3 {[%emt 0:00:22]} Rf8 {[%emt 0:02:50]} 39. Qe3 {[%emt 0:00:52]} Qh1 {[%emt 0:00:47]} 40. f4 {[%emt 0:05:27]} h5 {[%emt 0:00:35]} 41. h3 {[%emt 0:14:43]} Qf1 {[%emt 0:13:26]} 42. Rc7 {[%emt 0:06:34]} h4+ {[%emt 0:01:09]} 43. Kh2 {[%emt 0:00:22]} Rxf4 {[%emt 0:01:12]} 44. Qe8+ {[%emt 0:00:14]} 1-0

[Event "CZE-ch Women 2019"]
[Site "Prague"]
[Date "2019.06.23"]
[Round "9.2"]
[White "Pychova, Nela"]
[Black "Sikorova, Olga"]
[Result "1/2-1/2"]
[WhiteElo "2174"]
[BlackElo "2248"]
[Annotator "ChessBase"]
[PlyCount "88"]
[EventDate "2019.06.15"]
[EventType "tourn"]
[EventCountry "CZE"]
[SourceTitle "playchess.com"]
[Source "ChessBase"]
[SourceQuality "1"]
[TimeControl "40/5400+30:1800+30"]

1. Nf3 {[%emt 0:00:00]} Nf6 {[%emt 0:00:00]} 2. g3 {[%emt 0:00:00]} g6 {[%emt 0:00:00]} 3. Bg2 {[%emt 0:00:00]} Bg7 {[%emt 0:00:00]} 4. O-O {[%emt 0:00:06]} O-O {[%emt 0:00:08]} 5. c4 {[%emt 0:01:59]} d6 {[%emt 0:00:08]} 6. Nc3 {[%emt 0:00:24]} Nc6 {[%emt 0:00:23]} 7. Rb1 {[%emt 0:01:18]} a5 {[%emt 0:00:54]} 8. a3 {[%emt 0:00:17]} e5 {[%emt 0:02:12]} 9. d3 {[%emt 0:01:51]} Re8 {[%emt 0:00:39]} 10. b4 {[%emt 0:06:16]} axb4 {[%emt 0:00:19]} 11. axb4 {[%emt 0:00:08]} e4 {[%emt 0:00:29]} 12. dxe4 {[%emt 0:17:46]} Nxe4 {[%emt 0:00:13]} 13. Nxe4 {[%emt 0:00:40]} Rxe4 {[%emt 0:00:07]} 14. b5 {[%emt 0:01:55]} Na5 {[%emt 0:06:12]} 15. Nd2 {[%emt 0:06:10]} Re8 {[%emt 0:01:54]} 16. Bb2 {[%emt 0:02:39]} Bf5 {[%emt 0:17:38]} 17. e4 {[%emt 0:01:32]} Be6 {[%emt 0:00:08]} 18. Bxg7 {[%emt 0:00:48]} Kxg7 {[%emt 0:00:03]} 19. Qc2 {[%emt 0:00:38]} Qf6 {[%emt 0:02:47]} 20. c5 {[%emt 0:03:33]} Red8 {[%emt 0:29:23]} 21. cxd6 {[%emt 0:08:17]} Rxd6 {[%emt 0:00:41]} 22. Nf3 {[%emt 0:00:42]} Rd7 {[%emt 0:02:57]} 23. Ra1 {[%emt 0:07:18]} b6 {[%emt 0:09:18]} 24. e5 {[%emt 0:06:26]} Qe7 {[%emt 0:02:07]} 25. Nd4 {[%emt 0:14:25]} Bd5 {[%emt 0:08:18]} 26. Bh3 {[%emt 0:03:45]} Rdd8 {[%emt 0:02:15]} 27. e6 {[%emt 0:01:15]} f6 {[%emt 0:01:13]} 28. Rfe1 {[%emt 0:03:29]} Rd6 {[%emt 0:03:29]} 29. Qe2 {[%emt 0:03:23]} Re8 {[%emt 0:04:43]} 30. Qg4 {[%emt 0:02:26]} Kh8 {[%emt 0:00:09]} 31. Qh4 {[%emt 0:03:31]} Ba8 {[%emt 0:01:31]} 32. Ne2 {[%emt 0:02:22]} f5 {[%emt 0:03:22]} 33. Qxe7 {[%emt 0:00:31]} Rxe7 {[%emt 0:00:01]} 34. Nf4 {[%emt 0:00:37]} Kg7 {[%emt 0:00:32]} 35. Rad1 {[%emt 0:00:30]} Nc4 {[%emt 0:01:12]} 36. Bg2 {[%emt 0:00:26]} Bxg2 {[%emt 0:01:19]} 37. Kxg2 {[%emt 0:00:15]} Rxd1 {[%emt 0:00:33]} 38. Rxd1 {[%emt 0:00:02]} Na3 {[%emt 0:01:08]} 39. Rd7 {[%emt 0:00:55]} Kf8 {[%emt 0:00:21]} 40. Nd5 {[%emt 0:00:49]} Rxe6 {[%emt 0:00:39]} 41. Nxc7 {[%emt 0:08:48]} Re7 {[%emt 0:01:45]} 42. Rxe7 {[%emt 0:06:28]} Kxe7 {[%emt 0:00:10]} 43. Nd5+ {[%emt 0:00:11]} Kd6 {[%emt 0:02:05]} 44. Nxb6 {[%emt 0:00:10]} Nxb5 {[%emt 0:00:14]} 1/2-1/2

[Event "CZE-ch Women 2019"]
[Site "Prague"]
[Date "2019.06.23"]
[Round "9.3"]
[White "Miturova, Magdalena"]
[Black "Olsarova, Karolina"]
[Result "0-1"]
[WhiteElo "2220"]
[BlackElo "2260"]
[Annotator "ChessBase"]
[PlyCount "74"]
[EventDate "2019.06.15"]
[EventType "tourn"]
[EventCountry "CZE"]
[SourceTitle "playchess.com"]
[Source "ChessBase"]
[SourceQuality "1"]
[TimeControl "40/5400+30:1800+30"]

1. Nf3 {[%emt 0:00:00]} Nf6 {[%emt 0:00:00]} 2. g3 {[%emt 0:00:00]} d5 {[%emt 0:00:00]} 3. Bg2 {[%emt 0:00:02]} Bg4 {[%emt 0:00:07]} 4. d4 {[%emt 0:02:31]} e6 {[%emt 0:02:06]} 5. O-O {[%emt 0:00:20]} Nbd7 {[%emt 0:00:09]} 6. Nbd2 {[%emt 0:00:23]} Be7 {[%emt 0:00:17]} 7. Re1 {[%emt 0:00:10]} O-O {[%emt 0:01:45]} 8. e4 {[%emt 0:00:06]} dxe4 {[%emt 0:02:36]} 9. Nxe4 {[%emt 0:00:07]} c5 {[%emt 0:00:09]} 10. dxc5 {[%emt 0:17:02]} Nxc5 {[%emt 0:00:20]} 11. Nxf6+ {[%emt 0:03:53]} Bxf6 {[%emt 0:00:12]} 12. Qe2 {[%emt 0:00:50]} Rc8 {[%emt 0:05:42]} 13. Rd1 {[%emt 0:04:39]} Qa5 {[%emt 0:11:04]} 14. h3 {[%emt 0:05:32]} Bh5 {[%emt 0:03:10]} 15. a4 {[%emt 0:15:12]} Rfd8 {[%emt 0:12:27]} 16. Rxd8+ {[%emt 0:00:25]} Qxd8 {[%emt 0:05:41]} 17. a5 {[%emt 0:12:49]} Bg6 {[%emt 0:09:26]} 18. h4 {[%emt 0:09:08]} h6 {[%emt 0:05:42]} 19. Kh2 {[%emt 0:02:16]} Bf5 {[%emt 0:07:51]} 20. Ra3 {[%emt 0:05:57]} Nd3 {[%emt 0:10:49]} 21. cxd3 {[%emt 0:10:55]} Rxc1 {[%emt 0:00:07]} 22. Rb3 {[%emt 0:03:09]} Qd5 {[%emt 0:06:09]} 23. Nd2 {[%emt 0:00:39]} Qxa5 {[%emt 0:00:27]} 24. Nc4 {[%emt 0:01:59]} Qe1 {[%emt 0:05:14]} 25. Qxe1 {[%emt 0:00:20]} Rxe1 {[%emt 0:00:04]} 26. Ne3 {[%emt 0:02:29]} b6 {[%emt 0:03:45]} 27. g4 {[%emt 0:01:18]} Bh7 {[%emt 0:00:32]} 28. Kg3 {[%emt 0:00:37]} Rb1 {[%emt 0:03:11]} 29. Nc4 {[%emt 0:00:23]} Rd1 {[%emt 0:00:15]} 30. Be4 {[%emt 0:00:56]} Bxe4 {[%emt 0:00:17]} 31. dxe4 {[%emt 0:00:01]} Rd4 {[%emt 0:00:20]} 32. Na3 {[%emt 0:00:55]} Rxe4 {[%emt 0:00:38]} 33. Nb5 {[%emt 0:00:09]} a6 {[%emt 0:01:41]} 34. Nc3 {[%emt 0:00:17]} Bxc3 {[%emt 0:00:25]} 35. bxc3 {[%emt 0:00:15]} b5 {[%emt 0:00:11]} 36. Kf3 {[%emt 0:01:37]} Rc4 {[%emt 0:00:21]} 37. Ra3 {[%emt 0:00:19]} Ra4 {[%emt 0:00:15]} 0-1

[Event "CZE-ch Women 2019"]
[Site "Prague"]
[Date "2019.06.23"]
[Round "9.4"]
[White "Petrova, Kristyna"]
[Black "Kulovana, Eva"]
[Result "1/2-1/2"]
[WhiteElo "2259"]
[BlackElo "2208"]
[Annotator "ChessBase"]
[PlyCount "123"]
[EventDate "2019.06.15"]
[EventType "tourn"]
[EventCountry "CZE"]
[SourceTitle "playchess.com"]
[Source "ChessBase"]
[SourceQuality "1"]
[TimeControl "40/5400+30:1800+30"]

1. e4 {[%emt 0:00:00]} c6 {[%emt 0:00:00]} 2. d4 {[%emt 0:00:00]} d5 {[%emt 0:00:00]} 3. Nc3 {[%emt 0:00:00]} dxe4 {[%emt 0:00:00]} 4. Nxe4 {[%emt 0:00:00]} Bf5 {[%emt 0:00:00]} 5. Ng3 {[%emt 0:00:01]} Bg6 {[%emt 0:00:01]} 6. N1e2 {[%emt 0:00:13]} e6 {[%emt 0:00:58]} 7. Nf4 {[%emt 0:00:37]} Bd6 {[%emt 0:00:17]} 8. h4 {[%emt 0:00:54]} Qc7 {[%emt 0:00:38]} 9. Nxg6 {[%emt 0:00:22]} hxg6 {[%emt 0:00:19]} 10. Ne4 {[%emt 0:00:11]} Bf4 {[%emt 0:04:57]} 11. Bxf4 {[%emt 0:00:21]} Qxf4 {[%emt 0:00:04]} 12. Ng5 {[%emt 0:00:14]} Nd7 {[%emt 0:04:20]} 13. g3 {[%emt 0:00:44]} Qc7 {[%emt 0:00:30]} 14. Bg2 {[%emt 0:05:37]} Ndf6 {[%emt 0:01:05]} 15. Qd3 {[%emt 0:04:24]} O-O-O {[%emt 0:01:35]} 16. O-O-O {[%emt 0:02:42]} Nh6 {[%emt 0:01:08]} 17. Qe2 {[%emt 0:14:22]} Kb8 {[%emt 0:05:34]} 18. Nf3 {[%emt 0:04:00]} Nf5 {[%emt 0:01:28]} 19. c3 {[%emt 0:01:30]} Nd7 {[%emt 0:06:48]} 20. Rhe1 {[%emt 0:07:56]} c5 {[%emt 0:05:31]} 21. Kb1 {[%emt 0:06:35]} c4 {[%emt 0:03:41]} 22. Ne5 {[%emt 0:15:15]} Nb6 {[%emt 0:02:32]} 23. Ng4 {[%emt 0:04:54]} Rd6 {[%emt 0:02:11]} 24. Ne3 {[%emt 0:03:10]} Nxe3 {[%emt 0:00:31]} 25. Qxe3 {[%emt 0:01:01]} Rh5 {[%emt 0:00:14]} 26. Kc1 {[%emt 0:07:12]} Ra5 {[%emt 0:01:21]} 27. a3 {[%emt 0:00:04]} Rb5 {[%emt 0:00:25]} 28. Rd2 {[%emt 0:01:11]} Na4 {[%emt 0:02:50]} 29. Ree2 {[%emt 0:02:07]} Rdb6 {[%emt 0:01:13]} 30. Rc2 {[%emt 0:00:28]} Qd6 {[%emt 0:03:32]} 31. Qf4 {[%emt 0:08:18]} Qxf4+ {[%emt 0:02:30]} 32. gxf4 {[%emt 0:00:01]} Rh5 {[%emt 0:00:24]} 33. Re5 {[%emt 0:00:50]} Rb5 {[%emt 0:02:40]} 34. Rce2 {[%emt 0:08:33]} Rbxe5 {[%emt 0:00:28]} 35. fxe5 {[%emt 0:00:07]} Rxh4 {[%emt 0:00:48]} 36. Kc2 {[%emt 0:00:07]} Rh2 {[%emt 0:01:58]} 37. Bf3 {[%emt 0:00:43]} Nb6 {[%emt 0:00:51]} 38. b3 {[%emt 0:00:39]} cxb3+ {[%emt 0:01:13]} 39. Kxb3 {[%emt 0:00:02]} Nd5 {[%emt 0:01:23]} 40. Bxd5 {[%emt 0:02:47]} exd5 {[%emt 0:00:05]} 41. e6 {[%emt 0:03:44]} fxe6 {[%emt 0:00:07]} 42. Rxe6 {[%emt 0:00:09]} Rxf2 {[%emt 0:00:32]} 43. Rxg6 {[%emt 0:00:55]} Rf7 {[%emt 0:00:47]} 44. Rd6 {[%emt 0:04:59]} Rf5 {[%emt 0:01:35]} 45. Rg6 {[%emt 0:00:09]} Rf7 {[%emt 0:00:24]} 46. Rd6 {[%emt 0:00:24]} g5 {[%emt 0:00:32]} 47. Rg6 {[%emt 0:00:18]} Rf5 {[%emt 0:00:14]} 48. Rg7 {[%emt 0:00:44]} a6 {[%emt 0:02:52]} 49. Kb4 {[%emt 0:04:06]} b6 {[%emt 0:04:29]} 50. a4 {[%emt 0:01:07]} Kc8 {[%emt 0:02:06]} 51. a5 {[%emt 0:03:50]} bxa5+ {[%emt 0:00:56]} 52. Kxa5 {[%emt 0:00:18]} Kd8 {[%emt 0:00:05]} 53. Kxa6 {[%emt 0:02:25]} Ke8 {[%emt 0:00:07]} 54. Kb5 {[%emt 0:00:27]} Kf8 {[%emt 0:01:37]} 55. Rh7 {[%emt 0:01:44]} g4 {[%emt 0:03:51]} 56. Rh1 {[%emt 0:01:17]} Ke7 {[%emt 0:02:18]} 57. c4 {[%emt 0:00:33]} dxc4+ {[%emt 0:09:54]} 58. Kxc4 {[%emt 0:00:01]} Ke6 {[%emt 0:00:26]} 59. d5+ {[%emt 0:03:46]} Ke5 {[%emt 0:01:43]} 60. Re1+ {[%emt 0:00:32]} Kf6 {[%emt 0:02:43]} 61. d6 {[%emt 0:01:36]} Rf2 {[%emt 0:03:23]} 62. Kd4 1/2-1/2

[Event "CZE-ch Women 2019"]
[Site "Prague"]
[Date "2019.06.23"]
[Round "9.5"]
[White "Kanakova, Natalie"]
[Black "Laurincova, Kristyna"]
[Result "1-0"]
[WhiteElo "2201"]
[BlackElo "1984"]
[Annotator "ChessBase"]
[PlyCount "47"]
[EventDate "2019.06.15"]
[EventType "tourn"]
[EventCountry "CZE"]
[SourceTitle "playchess.com"]
[Source "ChessBase"]
[SourceQuality "1"]
[TimeControl "40/5400+30:1800+30"]

1. Nf3 {[%emt 0:00:00]} Nf6 {[%emt 0:00:00]} 2. g3 {[%emt 0:00:00]} g6 {[%emt 0:00:00]} 3. b3 {[%emt 0:00:20]} Bg7 {[%emt 0:00:01]} 4. Bb2 {[%emt 0:00:05]} O-O {[%emt 0:00:07]} 5. Bg2 {[%emt 0:00:27]} c5 {[%emt 0:02:43]} 6. c4 {[%emt 0:00:49]} d5 {[%emt 0:04:16]} 7. cxd5 {[%emt 0:02:18]} Nxd5 {[%emt 0:00:51]} 8. Bxg7 {[%emt 0:00:52]} Kxg7 {[%emt 0:00:07]} 9. O-O {[%emt 0:02:23]} Nc6 {[%emt 0:05:10]} 10. Qc2 {[%emt 0:03:51]} b6 {[%emt 0:08:29]} 11. Nc3 {[%emt 0:03:34]} Bb7 {[%emt 0:02:27]} 12. Qb2 {[%emt 0:12:59]} Kg8 {[%emt 0:01:00]} 13. Rac1 {[%emt 0:03:07]} Rb8 {[%emt 0:04:05]} 14. h4 {[%emt 0:04:35]} e5 {[%emt 0:15:39]} 15. d3 {[%emt 0:07:36]} Re8 {[%emt 0:02:31]} 16. Nxd5 {[%emt 0:07:57]} Qxd5 {[%emt 0:00:11]} 17. Ng5 {[%emt 0:01:47]} Qd8 {[%emt 0:11:28]} 18. Qd2 {[%emt 0:02:42]} Nd4 {[%emt 0:01:16]} 19. Rfe1 {[%emt 0:14:47]} e4 {[%emt 0:11:06]} 20. Qf4 {[%emt 0:03:26]} f6 {[%emt 0:15:26]} 21. Nxe4 {[%emt 0:00:26]} f5 {[%emt 0:00:11]} 22. Nd6 {[%emt 0:05:33]} Rxe2 {[%emt 0:08:06]} 23. Nxb7 {[%emt 0:03:18]} Qe8 {[%emt 0:00:08]} 24. Kf1 {[%emt 0:01:59]} 1-0